{"text_format":"3","workbook":"xlsx","n_sheets":1,"sheets":["t131"],"read":"whole","date_system":"1900"}

{"sheet":"t131","index":0,"n_rows":201,"n_cols":7,"rows_kept":201,"merged":[[0,0,0,6],[30,0,30,5],[50,0,50,5],[157,0,157,5]]}
["TABELA 131.1 - Estatísticas Agrícolas, Município de Cerquilho, Estado de São Paulo, 2007/08."]
["ITEM","UNIDADE","N.DE UPAs","MÍNIMO","MÉDIO","MÁXIMO","TOTAL"]
["Distância à sede do município","km",579,0.1,{"v":5.22,"d":"5.2"},{"v":30,"d":"30.0"},"-"]
["Área total","hectare",579,0.1,{"v":21.02,"d":"21.0"},{"v":1491.1,"d":"1,491.1"},{"v":12168.8,"d":"12,168.8"}]
["Área com cultura perene","hectare",11,0.1,{"v":1.13,"d":"1.1"},3.5,12.4]
["Área com cultura temporária","hectare",279,0.1,{"v":18.45,"d":"18.5"},{"v":1005,"d":"1,005.0"},{"v":5146.9,"d":"5,146.9"}]
["Área com pastagem","hectare",441,0.3,13.1,226.4,{"v":5776.9,"d":"5,776.9"}]
["Área com reflorestamento","hectare",70,0.1,{"v":1.27,"d":"1.3"},20.1,88.7]
["Área com vegetação natural","hectare",262,0.1,{"v":1.75,"d":"1.8"},36.3,458.2]
["Área com vegetação de brejo e várzea","hectare",103,0.1,{"v":2.41,"d":"2.4"},153.3,247.8]
["Área em descanso","hectare",21,0.1,{"v":3.95,"d":"4.0"},16.9,82.9]
["Área complementar","hectare",394,0.1,0.9,{"v":50,"d":"50.0"},{"v":355,"d":"355.0"}]
["Área das UPAs com (0, 1] ha","hectare",14,0.1,{"v":0.62,"d":"0.6"},{"v":1,"d":"1.0"},8.7]
["Área das UPAs com (1, 2] ha","hectare",21,1.1,{"v":1.52,"d":"1.5"},{"v":2,"d":"2.0"},{"v":32,"d":"32.0"}]
["Área das UPAs com (2, 5] ha","hectare",141,2.1,{"v":3.48,"d":"3.5"},{"v":5,"d":"5.0"},491.2]
["Área das UPAs com (5, 10] ha","hectare",130,5.1,{"v":7.42,"d":"7.4"},9.9,964.8]
["Área das UPAs com (10, 20] ha","hectare",127,10.1,{"v":14.69,"d":"14.7"},{"v":20,"d":"20.0"},{"v":1865.1,"d":"1,865.1"}]
["Área das UPAs com (20, 50] ha","hectare",108,20.5,{"v":32.17,"d":"32.2"},{"v":50,"d":"50.0"},{"v":3473.9,"d":"3,473.9"}]
["Área das UPAs com (50, 100] ha","hectare",23,50.2,{"v":64.03,"d":"64.0"},87.6,{"v":1472.7,"d":"1,472.7"}]
["Área das UPAs com (100, 200] ha","hectare",10,105.7,{"v":145.04,"d":"145.0"},199.5,{"v":1450.4,"d":"1,450.4"}]
["Área das UPAs com (200, 500] ha","hectare",4,{"v":214,"d":"214.0"},{"v":229.73,"d":"229.7"},273.3,918.9]
["Área das UPAs com (500, 1.000] ha","hectare","-","-","-","-","-"]
["Área das UPAs com (1.000, 2.000] ha","hectare",1,{"v":1491.1,"d":"1,491.1"},{"v":1491.1,"d":"1,491.1"},{"v":1491.1,"d":"1,491.1"},{"v":1491.1,"d":"1,491.1"}]
["Área das UPAs com (2.000, 5.000] ha","hectare","-","-","-","-","-"]
["Área das UPAs com (5.000, 10.000] ha","hectare","-","-","-","-","-"]
["Área das UPAs acima de 10.000 ha","hectare","-","-","-","-","-"]
["Familiares do proprietário que trabalham na UPA","unidade",463,{"v":1,"d":"1.0"},{"v":1.77,"d":"1.8"},{"v":105,"d":"105.0"},{"v":819,"d":"819.0"}]
["Trabalhadores permanentes","unidade",105,{"v":1,"d":"1.0"},{"v":6.52,"d":"6.5"},{"v":458,"d":"458.0"},{"v":685,"d":"685.0"}]
["Fonte: Secretaria de Agricultura e Abastecimento, CDRS/IEA, Projeto LUPA."]
[]
["TABELA 131.2 - Explorações Animais, Município de Cerquilho, Estado de São Paulo, 2007/08."]
["ITEM","UNIDADE","N.DE UPAs","MÍNIMO","MÉDIO","MÁXIMO","TOTAL"]
["Apicultura","colmeias",1,{"v":600,"d":"600.0"},{"v":600,"d":"600.0"},{"v":600,"d":"600.0"},{"v":600,"d":"600.0"}]
["Asininos E Muares","cabeças",26,{"v":1,"d":"1.0"},{"v":3.19,"d":"3.2"},{"v":35,"d":"35.0"},{"v":83,"d":"83.0"}]
["Avicultura de Corte","cabeças/ano",36,{"v":1,"d":"1.0"},{"v":153579.94,"d":"153,579.9"},{"v":623000,"d":"623,000.0"},{"v":5528878,"d":"5,528,878.0"}]
["Avicultura para Ovos","cabeças",4,{"v":40,"d":"40.0"},{"v":5485,"d":"5,485.0"},{"v":18000,"d":"18,000.0"},{"v":21940,"d":"21,940.0"}]
["Bovinocultura de Corte","cabeças",338,{"v":1,"d":"1.0"},{"v":27.12,"d":"27.1"},{"v":308,"d":"308.0"},{"v":9168,"d":"9,168.0"}]
["Bovinocultura Leiteira","cabeças",38,{"v":2,"d":"2.0"},{"v":12.92,"d":"12.9"},{"v":140,"d":"140.0"},{"v":491,"d":"491.0"}]
["Bovinocultura Mista","cabeças",117,{"v":2,"d":"2.0"},{"v":24.17,"d":"24.2"},{"v":200,"d":"200.0"},{"v":2828,"d":"2,828.0"}]
["Bubalinocultura","cabeças",1,{"v":20,"d":"20.0"},{"v":20,"d":"20.0"},{"v":20,"d":"20.0"},{"v":20,"d":"20.0"}]
["Caprinocultura","cabeças",5,{"v":1,"d":"1.0"},17.8,{"v":50,"d":"50.0"},{"v":89,"d":"89.0"}]
["Carcinocultura","pós-larvas",1,{"v":2,"d":"2.0"},{"v":2,"d":"2.0"},{"v":2,"d":"2.0"},{"v":2,"d":"2.0"}]
["Equinocultura","cabeças",76,{"v":1,"d":"1.0"},{"v":4.01,"d":"4.0"},{"v":47,"d":"47.0"},{"v":305,"d":"305.0"}]
["Minhocultura","canteiros",1,{"v":6,"d":"6.0"},{"v":6,"d":"6.0"},{"v":6,"d":"6.0"},{"v":6,"d":"6.0"}]
["Ovinocultura","cabeças",10,{"v":3,"d":"3.0"},153.2,{"v":1300,"d":"1,300.0"},{"v":1532,"d":"1,532.0"}]
["Piscicultura","m² tanques",1,{"v":5000,"d":"5,000.0"},{"v":5000,"d":"5,000.0"},{"v":5000,"d":"5,000.0"},{"v":5000,"d":"5,000.0"}]
["Sericicultura","gramas larvas/ano",1,{"v":30,"d":"30.0"},{"v":30,"d":"30.0"},{"v":30,"d":"30.0"},{"v":30,"d":"30.0"}]
["Suinocultura","cabeças",15,{"v":2,"d":"2.0"},10.6,{"v":50,"d":"50.0"},{"v":159,"d":"159.0"}]
["Fonte: Secretaria de Agricultura e Abastecimento, CDRS/IEA, Projeto LUPA."]
[]
["TABELA 131.3 -  Máquinas, Implementos e Benfeitorias, Município de Cerquilho, Estado de São Paulo, 2007/08."]
["ITEM","UNIDADE","N.DE UPAs","MÍNIMO","MÉDIO","MÁXIMO","TOTAL"]
["Arado Comum (Bacia, Aiveca)","Unidade",91,{"v":1,"d":"1.0"},{"v":1.54,"d":"1.5"},{"v":20,"d":"20.0"},{"v":140,"d":"140.0"}]
["Arado Escarificador","Unidade",18,{"v":1,"d":"1.0"},{"v":1.89,"d":"1.9"},{"v":10,"d":"10.0"},{"v":34,"d":"34.0"}]
["Arado Subsolador","Unidade",18,{"v":1,"d":"1.0"},{"v":1.17,"d":"1.2"},{"v":3,"d":"3.0"},{"v":21,"d":"21.0"}]
["Batedeira de Cereais","Unidade",29,{"v":1,"d":"1.0"},{"v":1.03,"d":"1.0"},{"v":2,"d":"2.0"},{"v":30,"d":"30.0"}]
["Câmara Fria","Unidade",1,{"v":2,"d":"2.0"},{"v":2,"d":"2.0"},{"v":2,"d":"2.0"},{"v":2,"d":"2.0"}]
["Carregadeira de Cana","Unidade",14,{"v":1,"d":"1.0"},{"v":2.43,"d":"2.4"},{"v":15,"d":"15.0"},{"v":34,"d":"34.0"}]
["Colhedeira Acoplada","Unidade",5,{"v":1,"d":"1.0"},1.2,{"v":2,"d":"2.0"},{"v":6,"d":"6.0"}]
["Colhedeira Automotriz","Unidade",3,{"v":1,"d":"1.0"},{"v":3.33,"d":"3.3"},{"v":7,"d":"7.0"},{"v":10,"d":"10.0"}]
["Computador","Unidade",5,{"v":1,"d":"1.0"},5.2,{"v":20,"d":"20.0"},{"v":26,"d":"26.0"}]
["Conj.Irrigação Autopropelido","Unidade",2,{"v":1,"d":"1.0"},{"v":1,"d":"1.0"},{"v":1,"d":"1.0"},{"v":2,"d":"2.0"}]
["Conj.Irrigação Convencional","Unidade",5,{"v":1,"d":"1.0"},1.2,{"v":2,"d":"2.0"},{"v":6,"d":"6.0"}]
["Conj.Irrigação/Gotejamento/Microaspersão","Unidade",6,{"v":1,"d":"1.0"},{"v":4.17,"d":"4.2"},{"v":18,"d":"18.0"},{"v":25,"d":"25.0"}]
["Conjunto de Fenação","Unidade",2,{"v":1,"d":"1.0"},{"v":1,"d":"1.0"},{"v":1,"d":"1.0"},{"v":2,"d":"2.0"}]
["Desintegrador de Palha (Plantio Direto)","Unidade",1,{"v":1,"d":"1.0"},{"v":1,"d":"1.0"},{"v":1,"d":"1.0"},{"v":1,"d":"1.0"}]
["Desintegrador, Picador, Triturador","Unidade",86,{"v":1,"d":"1.0"},{"v":1.15,"d":"1.2"},{"v":3,"d":"3.0"},{"v":99,"d":"99.0"}]
["Distribuidor de Calcário","Unidade",21,{"v":1,"d":"1.0"},{"v":1.43,"d":"1.4"},{"v":7,"d":"7.0"},{"v":30,"d":"30.0"}]
["Ensiladeira","Unidade",9,{"v":1,"d":"1.0"},{"v":1.44,"d":"1.4"},{"v":5,"d":"5.0"},{"v":13,"d":"13.0"}]
["Grade Aradora (Tipo Romi)","Unidade",46,{"v":1,"d":"1.0"},{"v":1.41,"d":"1.4"},{"v":11,"d":"11.0"},{"v":65,"d":"65.0"}]
["Grade Niveladora","Unidade",72,{"v":1,"d":"1.0"},{"v":1.24,"d":"1.2"},{"v":10,"d":"10.0"},{"v":89,"d":"89.0"}]
["Microtrator","Unidade",6,{"v":1,"d":"1.0"},{"v":1,"d":"1.0"},{"v":1,"d":"1.0"},{"v":6,"d":"6.0"}]
["Misturador de Ração","Unidade",6,{"v":1,"d":"1.0"},{"v":1,"d":"1.0"},{"v":1,"d":"1.0"},{"v":6,"d":"6.0"}]
["Ordenhadeira Mecânica","Unidade",2,{"v":1,"d":"1.0"},{"v":1,"d":"1.0"},{"v":1,"d":"1.0"},{"v":2,"d":"2.0"}]
["Pulverizador Tratorizado","Unidade",48,{"v":1,"d":"1.0"},{"v":1.38,"d":"1.4"},{"v":13,"d":"13.0"},{"v":66,"d":"66.0"}]
["Semeadeira/Adubadeira para Plantio Convencional","Unidade",29,{"v":1,"d":"1.0"},{"v":1.07,"d":"1.1"},{"v":2,"d":"2.0"},{"v":31,"d":"31.0"}]
["Semeadeira/Plantadeira Plantio Direto","Unidade",22,{"v":1,"d":"1.0"},{"v":1.36,"d":"1.4"},{"v":6,"d":"6.0"},{"v":30,"d":"30.0"}]
["Terraceador","Unidade",4,{"v":1,"d":"1.0"},1.5,{"v":3,"d":"3.0"},{"v":6,"d":"6.0"}]
["Trator de Esteiras","Unidade",2,{"v":2,"d":"2.0"},2.5,{"v":3,"d":"3.0"},{"v":5,"d":"5.0"}]
["Trator de Pneus","Unidade",113,{"v":1,"d":"1.0"},{"v":2.32,"d":"2.3"},{"v":65,"d":"65.0"},{"v":262,"d":"262.0"}]
["Açude/Represa","Unidade",149,{"v":1,"d":"1.0"},1.4,{"v":7,"d":"7.0"},{"v":208,"d":"208.0"}]
["Adega Cantina","Unidade",1,{"v":2,"d":"2.0"},{"v":2,"d":"2.0"},{"v":2,"d":"2.0"},{"v":2,"d":"2.0"}]
["Alambique","Unidade",9,{"v":1,"d":"1.0"},{"v":1,"d":"1.0"},{"v":1,"d":"1.0"},{"v":9,"d":"9.0"}]
["Almoxarifado/Oficina","Unidade",9,{"v":1,"d":"1.0"},{"v":1,"d":"1.0"},{"v":1,"d":"1.0"},{"v":9,"d":"9.0"}]
["Armazém para Grãos Ensacados","Sacas",12,{"v":1,"d":"1.0"},{"v":4750.42,"d":"4,750.4"},{"v":30000,"d":"30,000.0"},{"v":57005,"d":"57,005.0"}]
["Balança para Bovinos","Unidade",4,{"v":1,"d":"1.0"},{"v":1,"d":"1.0"},{"v":1,"d":"1.0"},{"v":4,"d":"4.0"}]
["Balança para Veículos","Unidade",3,{"v":1,"d":"1.0"},{"v":1,"d":"1.0"},{"v":1,"d":"1.0"},{"v":3,"d":"3.0"}]
["Barracão para Granja/Avicultura","Unidade",42,{"v":1,"d":"1.0"},{"v":2.74,"d":"2.7"},{"v":13,"d":"13.0"},{"v":115,"d":"115.0"}]
["Barracão/Galpão/Garagem","Unidade",149,{"v":1,"d":"1.0"},{"v":1.45,"d":"1.5"},{"v":10,"d":"10.0"},{"v":216,"d":"216.0"}]
["Casa de Moradia Habitada","Unidade",234,{"v":1,"d":"1.0"},{"v":1.83,"d":"1.8"},{"v":40,"d":"40.0"},{"v":429,"d":"429.0"}]
["Casa de Moradia Total","Unidade",321,{"v":1,"d":"1.0"},{"v":1.92,"d":"1.9"},{"v":40,"d":"40.0"},{"v":616,"d":"616.0"}]
["Curral/Mangueira","Unidade",240,{"v":1,"d":"1.0"},{"v":1.05,"d":"1.1"},{"v":3,"d":"3.0"},{"v":253,"d":"253.0"}]
["Depósito/Tulha","Unidade",87,{"v":1,"d":"1.0"},{"v":1.26,"d":"1.3"},{"v":10,"d":"10.0"},{"v":110,"d":"110.0"}]
["Estábulo","Unidade",17,{"v":1,"d":"1.0"},{"v":2.65,"d":"2.7"},{"v":23,"d":"23.0"},{"v":45,"d":"45.0"}]
["Estufa/Plasticultura","m²",10,{"v":3,"d":"3.0"},{"v":2186.9,"d":"2,186.9"},{"v":10000,"d":"10,000.0"},{"v":21869,"d":"21,869.0"}]
["Fábrica de Ração","Unidade",4,{"v":1,"d":"1.0"},{"v":1,"d":"1.0"},{"v":1,"d":"1.0"},{"v":4,"d":"4.0"}]
["Instalações para Equinos","Unidade",13,{"v":1,"d":"1.0"},{"v":15.77,"d":"15.8"},{"v":103,"d":"103.0"},{"v":205,"d":"205.0"}]
["Máquina de Benefício","Unidade",2,{"v":1,"d":"1.0"},{"v":1,"d":"1.0"},{"v":1,"d":"1.0"},{"v":2,"d":"2.0"}]
["Olaria","Unidade",1,{"v":1,"d":"1.0"},{"v":1,"d":"1.0"},{"v":1,"d":"1.0"},{"v":1,"d":"1.0"}]
["Packing House","Unidade",1,{"v":1,"d":"1.0"},{"v":1,"d":"1.0"},{"v":1,"d":"1.0"},{"v":1,"d":"1.0"}]
["Pocilga","Unidade",8,{"v":1,"d":"1.0"},{"v":1.38,"d":"1.4"},{"v":3,"d":"3.0"},{"v":11,"d":"11.0"}]
["Poço Semi-Artesiano","Unidade",69,{"v":1,"d":"1.0"},{"v":1.16,"d":"1.2"},{"v":3,"d":"3.0"},{"v":80,"d":"80.0"}]
["Silo para Grãos","t",1,{"v":30,"d":"30.0"},{"v":30,"d":"30.0"},{"v":30,"d":"30.0"},{"v":30,"d":"30.0"}]
["Silo para Silagem","t",3,{"v":1,"d":"1.0"},{"v":169.33,"d":"169.3"},{"v":500,"d":"500.0"},{"v":508,"d":"508.0"}]
["Terreiro","m²",31,{"v":1,"d":"1.0"},198.9,{"v":1500,"d":"1,500.0"},{"v":6166,"d":"6,166.0"}]
["Usina de Açúcar/destilaria","Unidade",2,{"v":1,"d":"1.0"},{"v":1,"d":"1.0"},{"v":1,"d":"1.0"},{"v":2,"d":"2.0"}]
["Fonte: Secretaria de Agricultura e Abastecimento, CDRS/IEA, Projeto LUPA."]
[]
["TABELA 131.4 - Outras Estatísticas Agrícolas, Município de Cerquilho, Estado de São Paulo, 2007/08."]
["ITEM","Número de UPAs",null,"Percentual"]
["Faz Parte de Associação de Produtores",257,null,{"v":44.38687392055268,"d":"44.4"}]
["Faz Parte de Cooperativa de Produtores",475,null,{"v":82.03799654576856,"d":"82.0"}]
["Faz Parte do Sindicato de Produtores",363,null,{"v":62.69430051813471,"d":"62.7"}]
["Não utiliza assistência técnica ",144,null,{"v":24.870466321243523,"d":"24.9"}]
["Utiliza somente assistência técnica governamental ",406,null,{"v":70.12089810017271,"d":"70.1"}]
["Utiliza somente assistência técnica privada ",13,null,{"v":2.245250431778929,"d":"2.2"}]
["Utiliza assistência técnica tanto governamental quanto privada",16,null,{"v":2.763385146804836,"d":"2.8"}]
["Utiliza Crédito Rural",46,null,{"v":7.944732297063903,"d":"7.9"}]
["Utiliza Seguro Rural",15,null,{"v":2.590673575129534,"d":"2.6"}]
["Utiliza Escrituração Agrícola",12,null,{"v":2.072538860103627,"d":"2.1"}]
["Acessa Internet p/ Fins na Agropecuária",20,null,{"v":3.4542314335060453,"d":"3.5"}]
["Utiliza Computador nas Atividades Agropecuárias",17,null,{"v":2.936096718480138,"d":"2.9"}]
["Utiliza Energia Elétrica Para Uso na Atividade Agrícola",377,null,{"v":65.11226252158895,"d":"65.1"}]
["Realiza Análise de Solo, quando necessário",241,null,{"v":41.62348877374784,"d":"41.6"}]
["Utiliza Práticas de Conservação de Solo, quando necessário",209,null,{"v":36.09671848013817,"d":"36.1"}]
["Faz Adubação Mineral, quando necessário",243,null,{"v":41.968911917098445,"d":"42.0"}]
["Faz Adubação Orgânica, quando necessário",64,null,{"v":11.053540587219345,"d":"11.1"}]
["Faz Adubação Verde, quando necessário",9,null,{"v":1.5544041450777202,"d":"1.6"}]
["Utiliza Manejo Integrado de Pragas (MIP)","-",null,"-"]
["Utiliza Hidroponia","-",null,"-"]
["Utiliza Plasticultura",7,null,{"v":1.2089810017271159,"d":"1.2"}]
["Utiliza Mudas Fiscalizadas",23,null,{"v":3.972366148531952,"d":"4.0"}]
["Utiliza Semente Melhorada",194,null,{"v":33.506044905008636,"d":"33.5"}]
["Faz Confinamento de Bovinos",31,null,{"v":5.35405872193437,"d":"5.4"}]
["Utiliza Pastejo Intensivo",193,null,{"v":33.333333333333336,"d":"33.3"}]
["Faz Inseminação Artificial","-",null,"-"]
["Faz Mineralização do Rebanho",354,null,{"v":61.13989637305699,"d":"61.1"}]
["Faz Vermifugação do Rebanho",369,null,{"v":63.73056994818653,"d":"63.7"}]
["Possui Parceiros /Arrendatários na Exploração Animal",42,null,{"v":7.253886010362694,"d":"7.3"}]
["Esporte e lazer",21,null,{"v":3.6269430051813476,"d":"3.6"}]
["Extração mineral","-",null,"-"]
["Hotel Fazenda, Pousada ou SPA",1,null,{"v":0.17271157167530224,"d":"0.2"}]
["Pesque-pague","-",null,"-"]
["Restaurante ou Lanchonete","-",null,"-"]
["Transformação artesanal","-",null,"-"]
["Turismo rural ou ecoturismo","-",null,"-"]
["Outras atividades econômicas rurais",6,null,{"v":1.0362694300518136,"d":"1.0"}]
["Agroindústria",4,null,{"v":0.690846286701209,"d":"0.7"}]
["Proprietário sem instrução ou com instrução incompleta",7,null,{"v":1.2089810017271159,"d":"1.2"}]
["Proprietário com antigo primário completo",343,null,{"v":59.240069084628665,"d":"59.2"}]
["Proprietário com 1° grau (ou antigo ginasial) completo",53,null,{"v":9.153713298791018,"d":"9.2"}]
["Proprietário com 2° grau (ou antigo colegial) completo",76,null,{"v":13.12607944732297,"d":"13.1"}]
["Proprietário com curso superior completo ",70,null,{"v":12.089810017271157,"d":"12.1"}]
["Pessoa Jurídica",30,null,{"v":5.181347150259068,"d":"5.2"}]
["Proprietário residente na própria UPA ",118,null,{"v":20.379965457685667,"d":"20.4"}]
["Fonte: Secretaria de Agricultura e Abastecimento, CDRS/IEA, Projeto LUPA."]
[]
["TABELA 131.5 - Área Cultivada, Município de Cerquilho, Estado de São Paulo, 2007/08."]
["CULTURA","N.DE UPAs","MÍNIMO","MÉDIO","MÁXIMO","TOTAL"]
["Braquiaria",422,0.1,{"v":13.13,"d":"13.1"},226.4,{"v":5540.6,"d":"5,540.6"}]
["Cana-de-acucar",206,0.1,{"v":20.42,"d":"20.4"},{"v":900,"d":"900.0"},{"v":4207.1,"d":"4,207.1"}]
["Milho",81,0.3,{"v":9.67,"d":"9.7"},{"v":80,"d":"80.0"},783.2]
["Outras gramineas para pastagem",13,0.5,{"v":9.74,"d":"9.7"},23.8,126.6]
["Eucalipto",70,0.1,{"v":1.27,"d":"1.3"},20.1,88.7]
["Capim-jaragua",6,0.2,{"v":8.53,"d":"8.5"},23.3,51.2]
["Feijao",6,1.5,{"v":7.73,"d":"7.7"},25.6,46.4]
["Capim-napier (ou capim-elefante)",15,0.1,{"v":1.85,"d":"1.9"},7.5,27.8]
["Gramas",4,1.2,5.9,12.6,23.6]
["Arroz",1,{"v":15,"d":"15.0"},{"v":15,"d":"15.0"},{"v":15,"d":"15.0"},{"v":15,"d":"15.0"}]
["Nabica (v)",1,{"v":15,"d":"15.0"},{"v":15,"d":"15.0"},{"v":15,"d":"15.0"},{"v":15,"d":"15.0"}]
["Morango",1,14.5,14.5,14.5,14.5]
["Soja",2,{"v":3,"d":"3.0"},{"v":7.05,"d":"7.1"},11.1,14.1]
["Triticale",2,2.9,{"v":6.15,"d":"6.2"},9.4,12.3]
["Maxixe (ou pepino-das-antilhas)",1,10.5,10.5,10.5,10.5]
["Abobora (ou jerimum)",3,0.5,{"v":3.37,"d":"3.4"},4.8,10.1]
["Outras olericolas",4,0.1,{"v":1.85,"d":"1.9"},{"v":6,"d":"6.0"},7.4]
["Cafe",3,0.1,{"v":1.43,"d":"1.4"},2.4,4.3]
["Alface",7,0.2,0.5,1.2,3.5]
["Macadamia (ou noz-macadamia)",1,3.5,3.5,3.5,3.5]
["Alcachofra",1,{"v":3,"d":"3.0"},{"v":3,"d":"3.0"},{"v":3,"d":"3.0"},{"v":3,"d":"3.0"}]
["Coloniao",1,2.4,2.4,2.4,2.4]
["Alfafa",1,2.4,2.4,2.4,2.4]
["Outras leguminosas para pastagem",3,0.1,{"v":0.77,"d":"0.8"},1.2,2.3]
["Viveiro de flores e ornamentais",1,{"v":2,"d":"2.0"},{"v":2,"d":"2.0"},{"v":2,"d":"2.0"},{"v":2,"d":"2.0"}]
["Batata-inglesa (ou batata, ou batatinha)",1,{"v":1,"d":"1.0"},{"v":1,"d":"1.0"},{"v":1,"d":"1.0"},{"v":1,"d":"1.0"}]
["Uva rustica",1,{"v":1,"d":"1.0"},{"v":1,"d":"1.0"},{"v":1,"d":"1.0"},{"v":1,"d":"1.0"}]
["Viveiro de frutiferas em geral",1,{"v":1,"d":"1.0"},{"v":1,"d":"1.0"},{"v":1,"d":"1.0"},{"v":1,"d":"1.0"}]
["Outras culturas temporárias",1,0.8,0.8,0.8,0.8]
["Chicoria (ou chicoria-de-folha-crespa)",3,0.2,{"v":0.23,"d":"0.2"},0.3,0.7]
["Manga",1,0.6,0.6,0.6,0.6]
["Cebolinha",1,0.4,0.4,0.4,0.4]
["Bambu",1,0.4,0.4,0.4,0.4]
["Figo-da-india",1,0.2,0.2,0.2,0.2]
["Viveiro de citros",1,0.2,0.2,0.2,0.2]
["Cenoura",1,0.2,0.2,0.2,0.2]
["Laranja",1,0.2,0.2,0.2,0.2]
["Couve (ou couve-crespa)",1,0.2,0.2,0.2,0.2]
["Beterraba",1,0.2,0.2,0.2,0.2]
["Ervas medicinais e aromaticas",1,0.2,0.2,0.2,0.2]
["Pimentao",1,0.1,0.1,0.1,0.1]
["Fonte: Secretaria de Agricultura e Abastecimento, CDRS/IEA, Projeto LUPA."]